Statistics for Geometry Dash Extreme Demons

Click here to take the quiz!

General Stats

  • This quiz has been taken 38 times
    (24 since last reset)
  • The average score is 325 of 841

Answer Stats

First 3 CharactersLevels% Correct
2 12 1 1
92%
8o8o X
92%
A2MA2Marbl
83%
ABEABEL
83%
AchAcheron
83%
AcrAcropoliX
83%
AcuAcu
83%
AquAquatic Auroras
83%
1331330x
75%
A BA Bizarre Phantasm
75%
AdrAdrenaline
75%
AkaAkashic Records
75%
AnaAnahita
75%
ApoApollo 11
75%
AroAronia
75%
ArtArtificial Ascent
75%
AstAstral Divinity
75%
ATMATMarbl
75%
ATOATOMIC CANNON
75%
ATOATOMIC CANNON Mk II
75%
AudAudio Expulsion
75%
AudAudio Extraction
75%
AudAuditory Breaker
75%
AurAura
75%
AurAurora
75%
AzuAzure Fiesta
75%
RAMRAM
75%
9bl9blue
67%
AbyAbyss of Darkness
67%
AesAesthetic
67%
aftaftermath
67%
AKIAKIRA
67%
AlcAlcatraz
67%
AlpAlpha Baa X
67%
AltAltered Ascent
67%
AnnAnnihilation Nation
67%
APEAPEX
67%
ArcArctic Lights
67%
arcarcturus
67%
ArmArmageddon
67%
ArtArtifice
67%
ArtArtificial Dream
67%
ArtArtificial Ideology
67%
AstAsterios
67%
AthAthanatos
67%
AurAuroral Darkness
67%
AveAvernus
67%
AwaAwakening Horus
67%
AzuAzurite
67%
BloBloodbath
67%
EreErebuS
67%
EreErebus
67%
FloFloating Outskirts
67%
GBSGBS
67%
GusGustavo Fring
67%
IcoIcotact
67%
KapKappa
67%
LIMLIMBO
67%
RGBRGB
67%
RTXRTX ON
67%
SigSigma
67%
TheThe Hell Dignity
67%
TheThe Hell Nutz
67%
TheThe Hell Zone
67%
4El4Elements
58%
4uc4ucked Up
58%
AerAerial Gleam
58%
aetaether
58%
AllAllegiance
58%
ameameliorate
58%
AncAncestral Calamity
58%
AnoAnoxysm
58%
AsmAsmodeus
58%
AtmAtmosphere
58%
AurAureole
58%
AUXAUX cord
58%
AweAwedsy
58%
BalBalengu Vortex
58%
BasBass Cave
58%
BauBausha Vortex
58%
BBBBBBBBBBBBBBBBBBBBBBB
58%
BlaBlack Blizzard
58%
BloBloodlust
58%
BuTBuTiTi III
58%
BYEBYE
58%
CerCersia Difficult
58%
CerCersia Madness
58%
CHRCHROMA II
58%
CITCITRA
58%
CogCognition
58%
CybCybernetic Crescent
58%
DeiDeimos
58%
DelDelta
58%
DigDigital Descent
58%
DolDolos
58%
DowDown Bass
58%
EKOEKO
58%
EXEX
58%
FevFever Dream
58%
FexFexty
58%
FloFloating Maze
58%
FogFog
58%
FRIFRIDAY
58%
FurFurious Flames
58%
GamGamma
58%
GenGeneric Wave
58%
GONGONER
58%
GunGunslinga Corridor
58%
HypHyperSonic
58%
i hi hate you
58%
IMAIMAPHONE
58%
I NI NEVER DREAM
58%
INNINNARDS
58%
JesJesse Pinkman
58%
JusJust DANCE
58%
KenKenos
58%
KOCKOCMOC
58%
kowkowareta
58%
KuzKuzureta
58%
LowLow Death
58%
MINMINUSdry
58%
NETNETWORK
58%
netnetwork
58%
OmeOmega
58%
OurOuroboros
58%
PanPanaSonic
58%
QuaQuantum Processing
58%
RANRANDOM ACCESS MEMORY
58%
SakSakupen Circles
58%
SakSakupen Hell
58%
SlaSlaughterhouse
58%
SonSonic Wave
58%
SonSonic Wave Infinity
58%
SonSonic Wave Rebirth
58%
SpaSpacial Rend
58%
SubSubSonic
58%
TheThe Hell Factory
58%
TheThe Hell World
58%
TheThe Ultimate Phase
58%
WalWalter White
58%
YatYatagarasu
58%
ZodZodiac
58%
AbaAbandoned Planet
50%
AcrAcrozis
50%
AdvAdvanced AirStream
50%
AgeAgen Wida
50%
AirAir Tech
50%
AnoAnother Phase
50%
AppApparition
50%
ArcArctic Arena
50%
BanBang Gang
50%
BlaBlack Flag
50%
BreBreakout
50%
BreBreakout Redux
50%
CadCadrega City
50%
CadCadrega Mode
50%
CalCalamity
50%
CarCarnage Mode
50%
CatCataclysm
50%
CHRCHROMA FINALE
50%
ChrChromatic Haze
50%
CodCodependence
50%
ConCongregation
50%
ConConTroller
50%
CORCORRODERE
50%
CroCromulent
50%
CryCrystal
50%
cytcytokinesis
50%
DarDark Odyssey
50%
DayDaybreak
50%
DdiDdiamond
50%
DelDelebit Oblivio
50%
DelDelta Interface
50%
DemDemonicat
50%
DilDiligence
50%
DimDimension Breaker
50%
DMGDMG CTRL
50%
DooDoop
50%
EdgEdge of Destiny
50%
EdgEdge of the Blade
50%
EnvEnvY
50%
EpsEpsilon
50%
EscEscape Room
50%
EsfEsfera
50%
ETEETERNAL
50%
eteeternal entropy
50%
EthEthereal Artifice
50%
EvaEvangelion
50%
FabFabrication
50%
FalFalling Up
50%
FIFFIFTY THREE
50%
FreFreedom08
50%
FreFreedom19
50%
GamGame Over
50%
GliGlide
50%
GLIGLISTEN
50%
GraGracefully
50%
HalHalberd
50%
HatHatred
50%
HeaHeartbeat
50%
HeaHeat Wave
50%
HypHyper Paracosm
50%
HypHyper Paradox
50%
IdoIdols
50%
ILOILOVECYAN
50%
InfInfinite Iniquity
50%
iriiridium
50%
IthIthacropolis
50%
IthIthacropoliX
50%
KerKeres
50%
KilKillbot
50%
KniKnights of Thunder
50%
KyoKyouki
50%
LeLe Fishe
50%
LooLoochiverse
50%
MolMolten Core
50%
mommoment
50%
MysMystic
50%
N0N0
50%
NapNapalm
50%
NecNecromancer
50%
NEUNEUTRA
50%
NewNew Record
50%
NheNhelv
50%
NifNiflheim
50%
nono jokes
50%
OblOblivion
50%
OmeOmega Interface
50%
OmiOmicron
50%
PenPenultimate Phase
50%
phaphantasmagoria
50%
PhaPhantasmagoria
50%
PhoPhobos
50%
poopoocubed
50%
PriPrisma
50%
PriPrismatic Haze
50%
qoUqoUEO
50%
RagRagnarok
50%
RedRed World
50%
RedRed World Rebirth
50%
RefReflective
50%
ReqRequiem
50%
RUSRUST
50%
SARSARY NEVER CLEAR
50%
SauSaul Goodman
50%
SewSewers
50%
SigSigma Interface
50%
SL8SL8O
50%
SUPSUPERHATEMEWORLD
50%
SZYSZYSLAK
50%
TheThe Art of the Blade
50%
TheThe Golden
50%
TheThe Hell Field
50%
TheThe Hell Inferno
50%
TheThe Hell Origin
50%
WasWasureta
50%
WOWWOW
50%
wtfwtf
50%
X0X0
50%
xoxo
50%
YuhYuh
50%
AncAncient Travel
42%
AnyAnya III
42%
ASHASHES
42%
AurAurorae
42%
BarBarbaros Finale
42%
BEEBEELINE
42%
BelBelloq
42%
BetBetrayal of Destiny
42%
BetBetrayal of Fate
42%
BeyBeyond Hell
42%
BioBiohazard
42%
BitBitcrusher
42%
BooBoogie
42%
BroBroken Signal
42%
CalCalculator Core
42%
CarCarbon
42%
CarCarcano
42%
CatCat Planet
42%
CauCaution
42%
cavcave of heart
42%
CelCelestial Force
42%
ChoCholeriX
42%
ChuChub Chub
42%
ConConFusion
42%
CorCoral Cave
42%
CosCosmic Cyclone
42%
CosCosmorush 21
42%
CriCritical Heat
42%
CYCCYCLONE
42%
DayDaydream
42%
DecDeception Dive
42%
DedDedohexdragon
42%
DigDigital Disarray
42%
DIRDIRECTIONS
42%
DisDisaster Dive
42%
DubDubKore X
42%
DumDump
42%
EcsEcstasy
42%
ECSECSTASY
42%
EdgEdge of the World
42%
EGOEGO KILLING
42%
EseEsencia
42%
EteEternal Moment
42%
ExpExplosion
42%
FabFabricated Thoughts
42%
FaiFaith
42%
FalFalling Maze
42%
FirFirePower
42%
FIRFIREPOWER
42%
FirFirework
42%
FISFISH FISH GODMODE
42%
FraFramework
42%
FreFreedom16
42%
FriFriday Vortex
42%
FroFrozen
42%
FusFusion Z
42%
GalGalactic Shift
42%
GlaGlacial Torrent
42%
GliGlitched Memories
42%
GloGlowy
42%
HarHard Machine
42%
HatHateful Reflection
42%
HelHelios
42%
HigHigh Heat
42%
HorHorros
42%
HURHURRICANE
42%
ikaikaros
42%
inainanimate INSANITY
42%
IncIncipient
42%
InfInflective
42%
InsInsaction
42%
JamJamboree
42%
JupJupiter My Favourite
42%
KinKinetic Bypass
42%
KINKINGSLAYER
42%
LaLa Cueva
42%
LaLa Llorona
42%
LauLaunchpad Labyrinth
42%
lodlodin da fish washer
42%
looloop
42%
LosLost Love
42%
LotLotus Flower
42%
LUMLUMINA
42%
MadMadMansion
42%
MayMayhem
42%
memmemories
42%
memmemories III
42%
MolMolten Gear
42%
MotMotorbreath
42%
MyMy Worst Demon Level
42%
NecNecropoliX
42%
NeoNeon Skyline
42%
nifniflhel
42%
NigNight Rider
42%
niwniwa
42%
nownowdead
42%
NunNunri
42%
OccOccult Outcry
42%
ofof Ambrosia
42%
OmoOmorfia
42%
On1On1y Cub3
42%
OurOurwa
42%
OveOvertime
42%
PagPagoda
42%
PlaPlasma Pulse Finale
42%
PLUPLUS ULTRA
42%
ProPromethean
42%
PROPROTOFLICKER
42%
QDYQDYNAMIX
42%
QuaQuantum Dynamix
42%
QuaQuantum Theory
42%
RagRage
42%
RaiRaisins
42%
ReaReanimate
42%
REPREPENTLESS
42%
rosrosedynamix
42%
RUTRUTHLESS
42%
RyfRyft
42%
SANSAND SAILOR
42%
SazSazerix
42%
ShoShock Therapy
42%
ShuShukketsu
42%
SidSides Of My Mind
42%
SilSilent Club
42%
SilSilent clubstep
42%
SinSinister Incision
42%
SkySky Tech
42%
SnoSnowFall Fiesta
42%
SPESPEEDRUN
42%
SunSunset Sandstorm
42%
supsuper probably level
42%
TapTapwreck
42%
TarTartarus
42%
TheThe Hallucination
42%
TheThe Hell Bird
42%
TheThe Lost Existence
42%
TheThe Moon Below
42%
TheThe Ultimate Demon
42%
ThiThinking Space
42%
TitTitan Complex
42%
TORTORN
42%
ToTo The Stars II
42%
TROTROLLMACHINE
42%
TruTrueffet
42%
U23U235
42%
UndUnder lavaland
42%
UNKUNKNOWN
42%
UprUprise
42%
XroXronier
42%
XxXXxXxXxXxXxX
42%
ZAPZAPHKIEL
42%
AmaAmalgam
33%
anyany percent
33%
BacBacklights
33%
BasBased Gang
33%
BerBerserk
33%
BLABLACKLIGHTS
33%
BlaBlade of Justice
33%
BriBrimtanic Paradise
33%
BRKBRKMGB8GJCZ
33%
BuZBuZzKiLl
33%
CatCatalyze
33%
cercerebral hemorrhage
33%
CerCerebral Torment
33%
CirCircuit Breaker
33%
ColCold Sweat
33%
ConConical Depression
33%
corcorrupted volume
33%
coucourt circuit
33%
CurCurie
33%
CybCyberstorm
33%
DARDARKENED
33%
DecDecay
33%
DefDeflective
33%
DesDescent Into Exile
33%
DevDevil Vortex
33%
DimDimensional Breaking
33%
DisDismay
33%
disdistraught
33%
dordoradura
33%
DupDuplication
33%
EffEffect II
33%
EleElectroLux
33%
EliElite Z Rebirth
33%
EllElliptic Curve
33%
EMPEMPTINESS
33%
EndEndless Dream
33%
ExoExotic Energy
33%
EXPEXPLICIT
33%
FacFactory Realm X
33%
FadFaded Dream
33%
FarFarthest Outpost
33%
FAUFAULTY CODE
33%
FelFellow Phobia
33%
FinFingerdash v3
33%
FinFinKor
33%
FlaFlappy Dynamix II
33%
FlyFlyway
33%
ForForbidden Isle
33%
FraFragile
33%
FroFrozen Cave
33%
GamGaming
33%
GANGANGIMARI
33%
GatGateway
33%
GenGeneric Glow Level
33%
GEOGEODE
33%
GewGewErbiX
33%
GolGoldcrest Palace
33%
GraGraphite World
33%
GriGridLocked
33%
HatHate War
33%
HeaHeart Attack
33%
HELHELIX
33%
HidHidden in the Sand
33%
HydHydratic
33%
HydHydraulic Overdrive
33%
IDOIDOL19
33%
IncIncandescent
33%
InfInfernal Abyss
33%
InsInstant Execution
33%
INTINTO PETALS
33%
IriIris of a Puppeteer
33%
KarKarma
33%
KUBKUB
33%
larlaranja azul rosa
33%
LatLateral Myst
33%
LibLibertas
33%
LucLucid Chaos
33%
LucLucid Nightmares
33%
LuxLuxtra
33%
MacMacabre
33%
madmaddening
33%
MalMalevolent Maelstrom
33%
ManMandragora
33%
ManManic Machine
33%
MarMarathon
33%
MayMaybe Possibly Thing
33%
MELMELTDOWN
33%
MINMINIMUM
33%
MirMirrored Calamity
33%
MISMISFIRE
33%
MujMujigae
33%
MyoMyocardia
33%
NeoNeon Guts
33%
NevNever Beat It
33%
NIGNIGHTLIGHTS
33%
nignight party
33%
NovNovalis
33%
NovNovasphere
33%
OOPOOPZ
33%
OPSOPSM1
33%
ParParoxysm
33%
ParParty Rock Anthem
33%
PicPictured as Perfect
33%
PlaPlasma Pulse III
33%
PolPolish Alphabet
33%
PouPound Town
33%
QuaQuaoar
33%
RASRASH
33%
RatRate Demon
33%
reereeses potentially
33%
RELRELENTLESS
33%
RemRemoved Submission
33%
RetRetention
33%
RobRobi
33%
RulRuler of Everything
33%
SECSECTOR 19
33%
SemSemicolon 3
33%
SepSephiroth
33%
SHASHATTER
33%
ShiShinigami
33%
ShmShmarley Ville
33%
ShoShock Breaker
33%
ShoShotgun
33%
SilSilentium Clavas
33%
SilSilentium Gradas
33%
SINSINGULARITY
33%
SinSinister Silence
33%
SinSink
33%
SolSolar Flare
33%
SprSpringtime
33%
StaStalemate Redux
33%
SteStellaluna
33%
StyStygian Machinery
33%
SUBSUBVERSIVE
33%
SurSurge of Memories
33%
SurSurge of the Shield
33%
SynSynergy
33%
TANTANTRUM
33%
TeaTeaM Z
33%
TerTerminux
33%
TheThe Antimatter
33%
TheTheCinnyBun
33%
TheThe Mainframe
33%
TheThe Rupture
33%
TheThe Yandere
33%
ThuThunderzone
33%
TORTORNADO
33%
TriTriple Six
33%
trotroll level
33%
TroTrotil
33%
TwiTwilight
33%
TwiTwisted Tranquility
33%
UltUltraSans
33%
UntUntitled
33%
UntUntitled Unmastered
33%
VolVoltaic
33%
WarWarning
33%
WavWaveBreaker
33%
WeWe Are Not The Same
33%
WinWintertime
33%
WorWorse Trip
33%
xusxuser morelike luser
33%
ZetZettabyte
33%
ZirZiroikabi
33%
ZirZiroikapi
33%
AksAksion
25%
BetBetelgeuse
25%
BluBlue Suns Zenith
25%
BROBROWNOIX
25%
burburn to dust
25%
CalCallisto
25%
CasCastling
25%
ChoChopStep
25%
CliClimax
25%
ComComplementary Cruise
25%
ConConcaved Memories
25%
CooCoolie Mazie Paloozi
25%
CriCrimson Planet
25%
CroCrowd Control
25%
CryCrystal Crusher
25%
DamDamascus
25%
DarDark Flare
25%
DarDark Rivalry
25%
DelDelirium Tremens
25%
DESDESOLATE
25%
devdevoid
25%
DisDisastrous Downpour
25%
DisDisentombed
25%
DisDisruption
25%
DolDole Damos
25%
DreDream City
25%
DreDreams
25%
DuaDualies
25%
DumDumbest Girl Alive
25%
DusDusker Processing
25%
EleEleos
25%
ELLELLIPSISM
25%
EndEndurance
25%
EnlEnlightened memories
25%
EviEvil Depths
25%
ExtExtinction
25%
FalFalcon16
25%
FerFerrum Frenzy
25%
FraFragmented
25%
FriFrightful Melody
25%
FusFusionDynamix
25%
FutFuture Chaos
25%
gargardening map
25%
GenGentlemens Clique
25%
GolGolden Club
25%
helhelp
25%
i hi hate renn
25%
ImpImpasse
25%
INFINFLAMMABLE INFUSION
25%
InsInstinct
25%
JeoJeonGi
25%
LasLast Station
25%
LasLast Stop
25%
LigLights Out
25%
limlimitless
25%
LonLonely Lights
25%
MakMake It Drop
25%
MalMalware II
25%
MasMasochism
25%
MecMecha Mayhem
25%
MirMirage
25%
MisMiscellaneous Memory
25%
mismiss you
25%
MisMisty Mountains
25%
MolMolten Mercury
25%
MonMonstercat
25%
MONMONSTROSITY
25%
NeRNeRUaL
25%
nevnevermore
25%
NigNightmare Chasm
25%
NigNightshade
25%
OneOneAttempt
25%
OurOur Fountain
25%
OurOuroboros Startpos 2
25%
OutOut of Chaos
25%
OveOverlord
25%
ParParalysis
25%
PenPenombre
25%
phophosphorescent
25%
PhoPhotovoltaic II
25%
PitPitfall Caverns
25%
PlaPlace
25%
PolPolygonal Paradox
25%
PrePrecipitance
25%
ProProteus
25%
PsyPsychotic
25%
pulpulsation
25%
PumPumped Up Kicks
25%
RaiRaindance
25%
ReaRealtered
25%
RecRecrystallize
25%
RenRenevant
25%
RetRetention Rush
25%
ReuReunite
25%
revreverence
25%
robrobotchief exposal
25%
rubruber cash 22
25%
SapSapphire Angel
25%
sarsarthix
25%
SepSephtis
25%
ShaShape of the Sun
25%
shishimmer
25%
ShiShimmering Chamber
25%
ShoShowdown
25%
SIGSIGSEGV
25%
skrskrrah
25%
SkySky Shredder
25%
SnoSnowdrift
25%
SolSolstice
25%
SorSorryForPartyRocking
25%
SpaSparkling
25%
SpeSpectrum Cyclone
25%
SpeSpectrum Rave
25%
SpeSpectrum Split
25%
STISTICKS FOR BONES
25%
sunsunburn
25%
SupSupercharged
25%
supsuper kontik
25%
SUPSUPERMAYOHATECLUB
25%
SwaSwarm
25%
SysSysmique Locked
25%
TecTech Manifestation
25%
TemTempered Steel
25%
TenTenth Circle
25%
TesTesseract Force
25%
TheThe Cellar Path
25%
TheThe First
25%
TheThe Flawless
25%
TheThe Tears Beneath
25%
ThuThunder Alphabet
25%
TimTime Pulse
25%
TimTimor
25%
TorTorgue
25%
TorTorsion
25%
TotTotem
25%
ToTo The Blue Moon
25%
TroTron
25%
TUATUAPEKA
25%
TunTunnel
25%
TunTunnel of Despair
25%
TwiTwilight Coexistence
25%
UneUnearthed
25%
UnkUnknown Civilization
25%
UpUp and Down
25%
UplUplink
25%
VacVacant
25%
vaevaenstep
25%
VenVendetTa
25%
VerVerdant Landscape
25%
VigVignette
25%
VioViolently X
25%
VirVirtual Collapse
25%
VIRVIRTUE
25%
VisVisible Ray
25%
VivVivacious
25%
VocVociferous
25%
VoiVoided
25%
VoiVoid Wave
25%
VolVolume
25%
WacWacky McWhackface v2
25%
WanWant Me
25%
WelWelcome To GD News
25%
WelWelcome to your mind
25%
WhiWhite Noise
25%
WidWidestep
25%
WinWind Storm
25%
YeeYeeSangHaeYo
25%
ZenZenith
25%
ZinZinhwa
25%
BalBallistic Funk
17%
Ch1Ch1ll Puddy
17%
CluCluttered Confusion
17%
COMCOMBUSTION
17%
CosCosmic Cluster
17%
CriCrippled Depression
17%
DisDismal Duststorm
17%
DraDraco Meteor
17%
DreDreamer
17%
EdeEdelweiss
17%
EmpEmpanadas Fugaces
17%
EmpEmpyrean
17%
EnCEnCrypted
17%
EntEntropy
17%
EthEthereal Entity
17%
ExcExcruciation Chamber
17%
FinFinal Epilogue
17%
FreFrenzy
17%
GanGang Plank Hell
17%
GriGrill Kill
17%
heaheadlock
17%
HypHyperchaos
17%
LigLight Travel
17%
MatMatilda the Machine
17%
MetMetalic Destruction
17%
meme when machine gang
17%
MinMind Control
17%
MisMissing Benefits
17%
MjoMjolnir
17%
MysMystic Bounds
17%
NetNetzWerk
17%
NinNinobytte
17%
PanPandemonium
17%
PolPoltergeist Reborn
17%
PowPower Grid
17%
PURPURE VALE
17%
ShaShardscapes
17%
ShiShibui
17%
ShuShukufuku
17%
ShuShutdown
17%
SnoSnowfall Storm
17%
SodSodium
17%
SolSolarion
17%
SpiSpirit House
17%
stastand in the snow
17%
StaStatic Ignition
17%
SteStep To Hell
17%
StoStorming Summit
17%
SwiSwirling Serenity
17%
TemTempest Tornado
17%
TerTerminal Rampancy
17%
TheThe Lightning Rod
17%
TheThe Sulphur Sea
17%
thethe wiener
17%
ThoThorny Path
17%
ToTo the Exosphere
17%
TRETREMORS
17%
TriTriadic Trials
17%
TRITRIANGULAR
17%
ULTULTRA VIOLET
17%
UniUniverse on fire
17%
VirVirtual Stigmata
17%
WilWild Rose
17%
WitWitching Hour
17%
XerXeriscapes
17%
AstAstrophobia
8%
BeyBeyond the summit
8%
clocloudscapes
8%
ColCollect All Pets
8%
CRICRIDIUM
8%
DanDance of the Violins
8%
FriFrizzantino Vibes
8%
FUTFUTURE DEMON MACHINE
8%
HeaHeavens Door
8%
LeLe Midd Mapperoonies
8%
LooLoose Screws
8%
MetMetal Requiem
8%
neineighborhood
8%
PinPingas21
8%
TenTenebris
8%
TerTerrorCore
8%
TheThe Old Trail
8%
TheThe Reaper
8%
ververisimilitude
8%
VerVermillion
8%
WilWilt
8%
DanDance Til Dawn
0%
FreFree For All 2
0%
PAIPAINFUL PLAYLAND
0%
TurTurbulent Valley
0%
VolVoltage
0%

Score Distribution

Percentile by Number Answered

Percent of People with Each Score

Your Score History

You have not taken this quiz since the last reset